| 000 | 00584nam a2200193 a 4500 | ||
|---|---|---|---|
| 005 | 20250619063847.0 | ||
| 008 | 991125s1953 mx 000 0 spa u | ||
| 035 | _aUPN01000040615 | ||
| 049 | _aCG | ||
| 050 | 4 |
_aML161 S2.4 _bS2.4 1953 |
|
| 100 | 1 | _aSalazar, Adolfo | |
| 245 | 1 | 3 |
_aLa música como proceso histórico de su invención / _cAdolfo Salazar. |
| 250 | _a2a ed. | ||
| 260 |
_aMéxico : _bFCE, _c1953. |
||
| 300 | _a326 p., [24] p. de láms | ||
| 440 | 0 |
_aBreviarios del Fondo de Cultura Económica; _v26 |
|
| 650 | 4 |
_aMúsica _xHistoria y crítica _99043 |
|
| 905 | _aLibro | ||
| 999 |
_c40615 _d40615 |
||